00590nam a2200169 a 450000100100000000500170001000800410002702000150006804000250008310000240010824500740013226000440020630000270025050000210027795201050029899900170040300003996820201002033834.0130801s2004 sp 001 0 spa d a8477588570 aDO-SdBNPbspacBNPHU1 aKlein, Artur96618610aAstronimía II :bVideo enciclopedia muy interesante /cArtur Klein. aMadrid :bClub Internacional del Libro. a48 p. :bil. ;c29 cm. aIncluye índice 001050718MOaPDbPDcCTd2013-08-01iLF1l0o p39968-10r2020-06-25w2020-06-25y1ZNo se presta c39458d39458